00433nam a2200145Ia 4500008004100000020001500041041001200056082001600068100002300084245010000107260003400207300000800241650001500249700002300264221030s9999 xx 000 0 und d a8185099154 aEnglish a105.23bCho aS. K. H. Choudhary 0aElements of Workshop Tecnology Vol. II Machine Toolscby S. K. H. Choudhary, A. K. H. Choudhury bMedia PromotersaMumbaic1997 a688 aMechanical aA. K. H. Choudhury